000 00248nam a2200109Ia 4500
008 190216s9999||||xx |||||||||||||| ||und||
100 _aRameswar Sharma
245 0 _aHindi-Manyatha
260 _bPrakashan Gosh Book
650 _aHindi
942 _cBK
999 _c15290
_d15290